Statistics for 1990s Movie Trivia #1

Click here to take the quiz!

General Stats

  • This quiz has been taken 21,052 times
    (10,275 since last reset)
  • The average score is 13 of 20

Answer Stats

Question Answer % Correct
What was the biggest video rental chain - now bankrupt?Blockbuster
89%
If you hear jungle drums, what board game might you be playing?Jumanji
88%
What phrase from "The Lion King" phrase means "no worries"?Hakuna Matata
87%
What popular movie was about a killer whale?Free Willy
84%
For what movies did Tom Hanks win back-to-back Oscar Best Actor awards?Forrest Gump
80%
Who was Nicole Kidman married to?Tom Cruise
79%
What movie featured Whoopi Goldberg dressed up as a nun?Sister Act
74%
What movie, starring Charles Grodin, was about a mischievous St. Bernard?Beethoven
65%
What pop singer starred in "Evita"?Madonna
64%
What duo had a bogus journey?Bill & Ted
62%
What was the subtitle of "Star Wars: Episode I"?The Phantom Menace
59%
What horror movie was directed by Wes Craven and starred Neve Campbell?Scream
57%
What actor said "You can't handle the truth"?Jack Nicholson
56%
For what movies did Tom Hanks win back-to-back Oscar Best Actor awards?Philadelphia
53%
What #1 hit by Coolio appeared in the Michelle Pfeiffer movie "Dangerous Minds"Gangsta's Paradise
52%
What young actor died of a drug overdose outside "The Viper Room" in West Hollywood?River Phoenix
52%
In what movie did Arnold Schwarzenegger say "it's not a toomah"?Kindergarten Cop
51%
Who directed the conspiracy movie "JFK"?Oliver Stone
39%
What movie starred Billy Crystal, Daniel Stern, and Jack Palance?City Slickers
36%
What did Muldoon say right before he was killed by a velociraptor?{Clever} Girl
34%

Score Distribution

Percentile by Number Answered

Percent of People with Each Score

Your Score History

You have not taken this quiz since the last reset